00653nam a22001814a 450000500170000002000240001703700170004108200140005810000290007224500590010126000340016027000630019430000310025750400200028894200280030899900170033695201180035320100913115057.0 a9026161723c1195.00 bPansy Books 00a796.35209 aPlatts, Mitchell 91967510aThe illustrated history of golf /cby Mitchell Platts  bParkgate Books c2000aLondon aLondon House, Great Eastern Wharf Parkgate Road, bLondon  a256p. bphotos c29cm(Hb)  aIncludes index  2ddccENh796.35209mPLA c45324d45324 0010407-18NFICaAGbAGd2010-09-13g1195.00l0o796.35209 PLAr2010-09-13 00:00:00t1v1195.00w2010-09-13yEN